Financie a public relations
Pojem public relations. Prostriedky public relations.
Gespeichert in:
| 1. Verfasser: | |
|---|---|
| Format: | Buchkapitel |
| Sprache: | Slowakisch |
| Schlagworte: | |
| Tags: |
Keine Tags, Fügen Sie das erste Tag hinzu!
|
MARC
| LEADER | 00000nla a2200000 4500 | ||
|---|---|---|---|
| 001 | 0178929 | ||
| 005 | 20231121083427.1 | ||
| 041 | 0 | |a slo | |
| 044 | |a SK | ||
| 245 | 1 | 0 | |a Financie a public relations |c Eva Chudinová |
| 520 | |a Pojem public relations. Prostriedky public relations. | ||
| 610 | 2 | 0 | |a vzťahy s verejnosťou |
| 610 | 2 | 0 | |a marketing |
| 610 | 2 | 0 | |a komunikácia masmediálna |
| 610 | 2 | 0 | |a prezentácia |
| 100 | 1 | |a Chudinová, Eva | |